书目信息 |
| 题名: |
交通运输规划类研究生培养模式与实践
|
|
| 作者: | 过秀成 著 | |
| 分册: | ||
| 出版信息: | 南京 东南大学出版社 2020 |
|
| 页数: | 192页 | |
| 开本: | 24cm | |
| 丛书名: | ||
| 单 册: | ||
| 中图分类: | F502 , G643 | |
| 科图分类: | ||
| 主题词: | 交通运输规划--jiao tong yun shu gui hua--研究生教育--培养模式--研究--中国 | |
| 电子资源: | ||
| ISBN: | 978-7-5641-9123-8 | |
| 000 | 01215nam0 2200265 450 | |
| 001 | 2133111619 | |
| 005 | 20211025190356.0 | |
| 010 | @a978-7-5641-9123-8@dCNY48.00 | |
| 100 | @a20201217d2020 em y0chiy50 ea | |
| 101 | 0 | @achi |
| 102 | @aCN@b320000 | |
| 105 | @ay z 000yy | |
| 106 | @ar | |
| 200 | 1 | @a交通运输规划类研究生培养模式与实践@Ajiao tong yun shu gui hua lei yan jiu sheng pei yang mo shi yu shi jian@f过秀成著 |
| 210 | @a南京@c东南大学出版社@d2020 | |
| 215 | @a192页@d24cm | |
| 312 | @a封面英文题名:Research and practice on the cultivation of postgraduate in transportation planning major | |
| 330 | @a本书借鉴世界工程教育理论与教学模式,分析新时代我国工程教育发展要求,阐述交通运输规划学科特征和人才需求,围绕交通运输规划类研究生教育模式、培养体系、质量保障等,秉承知行合一的教学理念,提出交通运输规划类研究生“四维一体”的人才培养体系。 | |
| 510 | 1 | @aResearch and practice on the cultivation of postgraduate in transportation planning major@zeng |
| 606 | 0 | @a交通运输规划@Ajiao tong yun shu gui hua@x研究生教育@x培养模式@x研究@y中国 |
| 690 | @aF502@v5 | |
| 690 | @aG643@v5 | |
| 701 | 0 | @a过秀成@Aguo xiu cheng@4著 |
| 801 | 0 | @aCN@b百万庄@c20211025 |
| 905 | @b1312292-95@dF502@e7@f4 | |
| 交通运输规划类研究生培养模式与实践/过秀成著.-南京:东南大学出版社,2020 |
| 192页;24cm |
| ISBN 978-7-5641-9123-8:CNY48.00 |
| 本书借鉴世界工程教育理论与教学模式,分析新时代我国工程教育发展要求,阐述交通运输规划学科特征和人才需求,围绕交通运输规划类研究生教育模式、培养体系、质量保障等,秉承知行合一的教学理念,提出交通运输规划类研究生“四维一体”的人才培养体系。 |
| ● |
| 相关链接 |
|
|
|
|
正题名:交通运输规划类研究生培养模式与实践
索取号:F502/7
 
预约/预借
| 序号 | 登录号 | 条形码 | 馆藏地/架位号 | 状态 | 备注 |
| 1 | 1312292 | 213122921 | 第一样本阅览室/ [索取号:F502/7] | 在馆 | |
| 2 | 1312293 | 213122930 | 第一借阅区/ [索取号:F502/7] | 在馆 | |
| 3 | 1312294 | 213122949 | 第一借阅区/ [索取号:F502/7] | 在馆 | |
| 4 | 1312295 | 213122958 | 第一借阅区/ [索取号:F502/7] | 在馆 |